000
00334 a2200157 4500
001
75526
020
_a
9788539502691
040
_c
Anchieta - Colégio São Paulo
100
_a
Krulik,Nancy
240
1
0
_a
Katie Kazoo
_l
por
245
1
0
_a
Katie Kazoo
300
_a
80
362
0
_a
2013
650
4
_a
Literatura juvenil
942
_c
BK
999
_c
75526
_d
75526